000 00748cam a2200253 4500
008 090401t1971 xxu||||| |||| 00| 0 eng d
020 _a0851250955
035 _a(Sirsi) u3157
041 _aeng
050 _a690
110 _aBuilding Research Establishment
245 _aSheet and tile flooring made from thermoplastic binders.
260 _aGarston, Watford
_bBuilding Research Establishment
_c1971
300 _a4p. ; 30cm.
350 _a0
490 _aBRE Digest
_v33
520 _a1985 reprint
650 _aBUILT ENVIRONMENT-BUILDING ELEMENTS-COMPLETE BUILDING ELEMENTS-FLOORS
650 _aTHERMOPLASTIC BINDERS
650 _aTILES
690 _aBUILT ENVIRONMENT-BUILDING MATERIALS
942 _n0
948 _c04/03/1997
999 _c85852
_d85852